[Event "2nd Turkish League 2017"]
[Site "Konya"]
[Date "2017.07.17"]
[Round "1"]
[White "Benk, Tolga Tugay"]
[Black "Buker, Muhittin"]
[Result "1/2-1/2"]
[WhiteElo "1891"]
[BlackElo "2006"]
[Annotator "NA"]
[PlyCount "110"]
[EventType "team-tourn"]
[EventCountry "TUR"]
[SourceTitle "playchess.com"]
[Source "ChessBase"]
[SourceQuality "1"]
[TimeControl "5400+30"]

1. d4 {[%emt 0:00:30]} d5 {[%emt 0:01:00]} 2. c4 {[%emt 0:00:30]} e6 {[%emt 0:00:30]} 3. cxd5 {[%emt 0:00:00]} exd5 {[%emt 0:00:30]} 4. Nc3 {[%emt 0:00:00]} c6 {[%emt 0:00:00]} 5. Bf4 {[%emt 0:00:30]} Nf6 {[%emt 0:00:00]} 6. e3 {[%emt 0:00:00]} Bf5 {[%emt 0:03:30]} 7. Bd3 {[%emt 0:04:00]} Bxd3 {[%emt 0:01:30]} 8. Qxd3 {[%emt 0:00:00]} Bd6 {[%emt 0:00:30]} 9. Nge2 {[%emt 0:01:00]} O-O {[%emt 0:00:30]} 10. O-O {[%emt 0:00:30]} Qe7 {[%emt 0:02:30]} 11. a3 {[%emt 0:02:30]} Nbd7 {[%emt 0:00:00]} 12. Bxd6 {[%emt 0:08:30]} Qxd6 {[%emt 0:00:00]} 13. Ng3 {[%emt 0:00:00]} Rfe8 {[%emt 0:03:30]} 14. Rfe1 {[%emt 0:02:00]} Nb6 {[%emt 0:05:30]} 15. Rad1 {[%emt 0:10:30]} Nc4 {[%emt 0:06:30]} 16. Re2 {[%emt 0:01:30]} b5 {[%emt 0:03:30]} 17. a4 {[%emt 0:14:30]} Qb4 {[%emt 0:12:30]} 18. Na2 {[%emt 0:02:30]} Qe7 {[%emt 0:00:30]} 19. Nf5 {[%emt 0:12:30]} Qd7 {[%emt 0:03:30]} 20. b3 {[%emt 0:09:30]} g6 {[%emt 0:04:30]} 21. Ng3 {[%emt 0:05:30]} Nd6 {[%emt 0:00:30]} 22. a5 {[%emt 0:00:00]} Rac8 {[%emt 0:00:00]} 23. Rc2 {[%emt 0:01:00]} h5 {[%emt 0:03:00]} 24. Nf1 {[%emt 0:02:30]} h4 {[%emt 0:03:30]} 25. f3 {[%emt 0:00:30]} Nf5 {[%emt 0:01:30]} 26. Nb4 {[%emt 0:02:30]} Re6 {[%emt 0:03:30]} 27. Na6 {[%emt 0:02:42]} Qe8 {[%emt 0:00:30]} 28. Kf2 {[%emt 0:01:28]} Nd7 {[%emt 0:01:30]} 29. Nc5 {[%emt 0:02:48]} Nxc5 {[%emt 0:00:30]} 30. dxc5 {[%emt 0:03:25]} b4 {[%emt 0:01:30]} 31. Re1 {[%emt 0:01:47]} Rb8 {[%emt 0:00:30]} 32. g4 {[%emt 0:04:49]} hxg3+ {[%emt 0:00:30]} 33. Nxg3 {[%emt 0:01:10]} Nxg3 {[%emt 0:00:30]} 34. hxg3 {[%emt 0:00:03]} Rb5 {[%emt 0:00:30]} 35. Qd4 {[%emt 0:00:22]} Qe7 {[%emt 0:02:30]} 36. Rh1 {[%emt 0:00:31]} Qf6 {[%emt 0:00:30]} 37. Qxf6 {[%emt 0:00:30]} Rxf6 {[%emt 0:00:30]} 38. Ra1 {[%emt 0:00:00]} a6 {[%emt 0:00:00]} 39. Ke2 {[%emt 0:00:22]} g5 {[%emt 0:00:00]} 40. f4 {[%emt 0:04:28]} Re6 {[%emt 0:02:30]} 41. Kf3 {[%emt 0:00:47]} g4+ {[%emt 0:00:30]} 42. Kxg4 {[%emt 0:01:05]} Rxe3 {[%emt 0:00:30]} 43. Rh1 {[%emt 0:00:10]} Kg7 {[%emt 0:05:30]} 44. f5 {[%emt 0:01:49]} Rxb3 {[%emt 0:07:30]} 45. f6+ {[%emt 0:00:34]} Kg6 {[%emt 0:00:30]} 46. Rch2 {[%emt 0:00:10]} Kxf6 {[%emt 0:01:30]} 47. Rh6+ {[%emt 0:00:02]} Ke7 {[%emt 0:02:30]} 48. Rxc6 {[%emt 0:00:04]} Re3 {[%emt 0:01:30]} 49. Rh8 {[%emt 0:01:13]} b3 {[%emt 0:00:30]} 50. Kf5 {[%emt 0:00:45]} Rb7 {[%emt 0:02:47]} 51. Rcc8 {[%emt 0:00:08]} Rf3+ {[%emt 0:02:20]} 52. Ke5 {[%emt 0:00:03]} Re3+ {[%emt 0:05:29]} 53. Kf5 {[%emt 0:00:18]} Rf3+ {[%emt 0:00:55]} 54. Ke5 {[%emt 0:00:30]} Re3+ {[%emt 0:00:00]} 55. Kf5 {[%emt 0:00:00]} Re4 {[%emt 0:00:19]} 1/2-1/2

[Event "2nd Turkish League 2017"]
[Site "Konya"]
[Date "2017.07.17"]
[Round "1"]
[White "Uyanik, Ulas"]
[Black "Kavukcu, Mustafa"]
[Result "1-0"]
[WhiteElo "1861"]
[BlackElo "1703"]
[Annotator "NA"]
[PlyCount "117"]
[EventType "team-tourn"]
[EventCountry "TUR"]
[SourceTitle "playchess.com"]
[Source "ChessBase"]
[SourceQuality "1"]
[TimeControl "5400+30"]

1. c4 {[%emt 0:00:30]} e5 {[%emt 0:01:00]} 2. g3 {[%emt 0:00:30]} g6 {[%emt 0:00:30]} 3. Bg2 {[%emt 0:00:00]} Bg7 {[%emt 0:00:00]} 4. Nc3 {[%emt 0:00:00]} Nc6 {[%emt 0:00:00]} 5. Rb1 {[%emt 0:00:30]} a5 {[%emt 0:01:30]} 6. a3 {[%emt 0:00:00]} f5 {[%emt 0:01:30]} 7. d3 {[%emt 0:01:00]} d6 {[%emt 0:01:30]} 8. e3 {[%emt 0:00:30]} Nf6 {[%emt 0:01:30]} 9. Nge2 {[%emt 0:00:30]} O-O {[%emt 0:02:30]} 10. b4 {[%emt 0:01:30]} axb4 {[%emt 0:02:30]} 11. axb4 {[%emt 0:00:30]} h6 {[%emt 0:00:00]} 12. O-O {[%emt 0:02:30]} g5 {[%emt 0:32:00]} 13. f4 {[%emt 0:00:00]} Qe7 {[%emt 0:02:30]} 14. Nd5 {[%emt 0:08:00]} Qf7 {[%emt 0:06:30]} 15. Nec3 {[%emt 0:03:30]} Nd8 {[%emt 0:05:30]} 16. e4 {[%emt 0:04:30]} exf4 {[%emt 0:17:30]} 17. gxf4 {[%emt 0:01:30]} g4 {[%emt 0:00:30]} 18. Bb2 {[%emt 0:06:30]} h5 {[%emt 0:04:50]} 19. Nxf6+ {[%emt 0:00:30]} Bxf6 {[%emt 0:00:11]} 20. Nd5 {[%emt 0:01:30]} Bxb2 {[%emt 0:01:04]} 21. Rxb2 {[%emt 0:00:00]} Qg7 {[%emt 0:00:53]} 22. Qd2 {[%emt 0:11:00]} h4 {[%emt 0:03:38]} 23. Qc3 {[%emt 0:03:30]} Qxc3 {[%emt 0:01:41]} 24. Nxc3 {[%emt 0:00:30]} Ne6 {[%emt 0:00:22]} 25. exf5 {[%emt 0:04:30]} Rxf5 {[%emt 0:01:38]} 26. Nd5 {[%emt 0:00:30]} Kf8 {[%emt 0:00:52]} 27. Be4 {[%emt 0:03:30]} Rf7 {[%emt 0:00:53]} 28. Bg6 {[%emt 0:11:30]} Rg7 {[%emt 0:00:30]} 29. f5 {[%emt 0:00:30]} Nd4 {[%emt 0:00:03]} 30. Nf6 {[%emt 0:07:30]} Nf3+ {[%emt 0:01:03]} 31. Kh1 {[%emt 0:00:30]} b5 {[%emt 0:03:42]} 32. Rg2 {[%emt 0:08:30]} Bb7 {[%emt 0:02:40]} 33. Nd5 {[%emt 0:00:00]} Bxd5 {[%emt 0:00:36]} 34. cxd5 {[%emt 0:00:00]} Ne5 {[%emt 0:00:00]} 35. d4 {[%emt 0:02:34]} Nc4 {[%emt 0:00:19]} 36. Re2 {[%emt 0:02:31]} Re7 {[%emt 0:04:02]} 37. Rxe7 {[%emt 0:00:30]} Kxe7 {[%emt 0:00:30]} 38. f6+ {[%emt 0:00:00]} Kf8 {[%emt 0:00:39]} 39. Re1 {[%emt 0:00:25]} h3 {[%emt 0:00:55]} 40. Kg1 {[%emt 0:11:44]} Nd2 {[%emt 0:00:50]} 41. Kf2 {[%emt 0:01:31]} Nf3 {[%emt 0:00:02]} 42. Re7 {[%emt 0:00:50]} Ng5 {[%emt 0:01:34]} 43. Rxc7 {[%emt 0:01:10]} Kg8 {[%emt 0:00:56]} 44. Kg3 {[%emt 0:01:36]} Rf8 {[%emt 0:00:36]} 45. Kh4 {[%emt 0:01:16]} Nf3+ {[%emt 0:00:20]} 46. Kxg4 {[%emt 0:02:28]} Rxf6 {[%emt 0:00:06]} 47. Kh5 {[%emt 0:00:12]} Nxh2 {[%emt 0:00:25]} 48. Kh6 {[%emt 0:00:29]} Ng4+ {[%emt 0:00:08]} 49. Kg5 {[%emt 0:00:23]} h2 {[%emt 0:01:03]} 50. Rc1 {[%emt 0:00:41]} Kg7 {[%emt 0:00:40]} 51. Rc7+ {[%emt 0:00:14]} Kg8 {[%emt 0:00:18]} 52. Be4 {[%emt 0:00:28]} Rh6 {[%emt 0:00:54]} 53. Kxg4 {[%emt 0:00:44]} h1=Q {[%emt 0:00:30]} 54. Bxh1 {[%emt 0:00:30]} Rxh1 {[%emt 0:00:00]} 55. Rb7 {[%emt 0:00:02]} Rd1 {[%emt 0:00:00]} 56. Rxb5 {[%emt 0:00:17]} Rxd4+ {[%emt 0:00:24]} 57. Kf5 {[%emt 0:00:30]} Rd1 {[%emt 0:00:00]} 58. Ke6 {[%emt 0:00:00]} Rh1 {[%emt 0:00:53]} 59. Kxd6 {[%emt 0:00:00]} 1-0

[Event "2nd Turkish League 2017"]
[Site "Konya"]
[Date "2017.07.17"]
[Round "1"]
[White "Bacak, Ahmet Yagiz"]
[Black "Kerem, Halil Ozgun"]
[Result "0-1"]
[WhiteElo "1859"]
[BlackElo "2074"]
[Annotator "NA"]
[PlyCount "90"]
[EventType "team-tourn"]
[EventCountry "TUR"]
[SourceTitle "playchess.com"]
[Source "ChessBase"]
[SourceQuality "1"]
[TimeControl "5400+30"]

1. d4 {[%emt 0:01:30]} Nf6 {[%emt 0:01:00]} 2. Nf3 {[%emt 0:00:30]} e6 {[%emt 0:02:30]} 3. c4 {[%emt 0:01:30]} a6 {[%emt 0:00:30]} 4. Nc3 {[%emt 0:02:30]} d5 {[%emt 0:00:30]} 5. cxd5 {[%emt 0:00:30]} exd5 {[%emt 0:00:00]} 6. Bf4 {[%emt 0:03:30] D37: Queen's Gambit Declined: 5 Bf4} c6 {[%emt 0:12:00]} (6... Bd6 7. Bg3 O-O 8. e3 Bf5 9. Qb3 Bxg3 10. hxg3 Nc6 11. Be2 Qd6 12. O-O Ne7 13. Ne5 h5 {0-1 (39) Karjakin,S (2783)-Adams,M (2761) Shamkir 2017}) 7. e3 {[%emt 0:01:30]} Bf5 $146 {[%emt 0:00:30]} ({Predecessor:} 7... Bd6 8. Bg3 Bf5 9. Bd3 Bxd3 10. Qxd3 O-O 11. O-O Bxg3 12. hxg3 Nbd7 13. Qf5 {0-1 (61) De Filomeno,S (2431)-Caprio,G (2418) Rome 2013}) 8. Be2 {[%emt 0:06:30]} Be7 {[%emt 0:01:30]} 9. O-O {[%emt 0:01:30]} Nbd7 {[%emt 0:00:30]} 10. Qb3 {[%emt 0:22:30]} Ra7 {[%emt 0:00:30]} 11. Ne5 {[%emt 0:15:30]} O-O {[%emt 0:03:30]} 12. Nxd7 {[%emt 0:00:30]} Qxd7 {[%emt 0:04:30]} 13. Qb6 {[%emt 0:04:30]} Raa8 {[%emt 0:00:30]} 14. Qc7 {[%emt 0:03:30]} Qxc7 {[%emt 0:12:30]} 15. Bxc7 {[%emt 0:00:30]} Ne4 {[%emt 0:00:30]} 16. Nxe4 {[%emt 0:00:30]} Bxe4 {[%emt 0:00:30]} 17. Rac1 {[%emt 0:00:30]} a5 {[%emt 0:03:30]} 18. Rfd1 {[%emt 0:05:30]} a4 {[%emt 0:01:30]} 19. a3 {[%emt 0:10:21]} f6 {[%emt 0:02:30]} 20. Bb6 {[%emt 0:01:53]} Kf7 {[%emt 0:00:30]} 21. Bc5 {[%emt 0:02:02]} Bxc5 {[%emt 0:02:30]} 22. Rxc5 {[%emt 0:06:18]} Ke7 $11 {[%emt 0:00:30]} 23. Bd3 {[%emt 0:02:19]} Bxd3 {[%emt 0:00:30]} 24. Rxd3 {[%emt 0:00:01]} Ra7 {[%emt 0:01:30]} 25. Kf1 {[%emt 0:01:38]} Rfa8 {[%emt 0:00:30]} 26. Ke2 {[%emt 0:01:56]} Kd6 {[%emt 0:01:30]} 27. b4 {[%emt 0:01:46]} axb3 {[%emt 0:00:30]} 28. Rxb3 {[%emt 0:00:00]} Kc7 {[%emt 0:01:30]} 29. Rcc3 {[%emt 0:00:24]} Ra4 {[%emt 0:04:30]} 30. Kd2 {[%emt 0:00:42]} f5 {[%emt 0:01:30]} 31. Ke2 {[%emt 0:01:18]} Rc4 {[%emt 0:04:30]} 32. Kd3 {[%emt 0:01:41]} b5 {[%emt 0:00:30]} 33. f4 {[%emt 0:01:00]} Re8 {[%emt 0:00:30]} 34. Kd2 {[%emt 0:00:00]} Re6 {[%emt 0:00:30]} 35. Rxc4 {[%emt 0:00:36]} dxc4 {[%emt 0:00:30]} 36. Rb2 {[%emt 0:00:27]} c3+ {[%emt 0:01:30]} 37. Kxc3 {[%emt 0:00:07]} Rxe3+ {[%emt 0:00:00]} 38. Kb4 {[%emt 0:00:57]} Rd3 {[%emt 0:01:00]} 39. g3 {[%emt 0:00:30]} Rxd4+ {[%emt 0:00:00]} 40. Kc3 {[%emt 0:00:19]} Re4 {[%emt 0:01:00]} 41. Rd2 {[%emt 0:00:26]} Re3+ {[%emt 0:01:30]} 42. Kb2 {[%emt 0:00:43]} g6 {[%emt 0:00:00]} 43. Ka2 {[%emt 0:01:00]} c5 {[%emt 0:00:00]} 44. Kb2 {[%emt 0:00:00]} Kc6 {[%emt 0:00:30]} 45. Ka2 {[%emt 0:00:00]} c4 {[%emt 0:00:30]} 0-1

[Event "2nd Turkish League 2017"]
[Site "Konya"]
[Date "2017.07.17"]
[Round "1"]
[White "Unal, Osman"]
[Black "Rasulov, Vugar"]
[Result "0-1"]
[WhiteElo "1843"]
[BlackElo "2517"]
[Annotator "TA"]
[PlyCount "144"]
[EventType "team-tourn"]
[EventCountry "TUR"]
[SourceTitle "playchess.com"]
[Source "ChessBase"]
[SourceQuality "1"]

{[%evp 11,144,-5,0,-44,-43,-57,-4,-8,-9,-12,0,-6,0,-12,28,33,25,26,19,0,4,0,0,0,4,14,8,-4,0,-13,0,-21,-26,-34,24,-15,0,0,0,-15,-9,-35,-35,-35,-35,-35,-35,-35,-35,-35,-35,-35,-33,-28,-20,-21,-20,-78,-78,-78,-78,-91,-91,-91,-91,-91,-91,-91,-78,-91,-83,-83,-83,-83,-83,-109,-109,-109,-93,-109,-93,-109,-86,-93,0,-93,0,0,0,0,0,0,0,0,0,0,0,0,0,0,0,0,0,0,0,0,0,-5526,-5522,-2586,-2425,-2315,-2291,-2020,-2006,-1620,-1556,-1070,0,0,0,0,0,-29977,-29978,-29977,-29979,-29977,-5527,-29980,-29981,-29973,-29982,-29986,-29987]} 1. e4 c5 2. Nc3 a6 3. f4 b5 4. Nf3 Bb7 5. d3 e6 {[%cal Be7e6,Be6d5][%mdl 32]} 6. Be2 {B23: Closed Sicilian: Lines without g3} d5 {LiveBook: 11 Games} 7. exd5 exd5 8. d4 {Black is slightly better.} c4 $146 (8... Bd6 $15) ({Predecessor:} 8... Nf6 9. O-O Be7 10. Kh1 O-O 11. Be3 Nbd7 12. Ne5 Qc7 13. Nxd7 Nxd7 {½-½ (41) Teichmeister,S (2567)-Stephan,J (2557) ICCF email 2008}) 9. O-O Nf6 10. Ne5 Be7 11. Bf3 O-O 12. a4 Qb6 (12... b4 {keeps more tension.} 13. Ne2 Nc6 14. Be3 Qc7 15. g4 Rfd8) 13. axb5 axb5 14. Rxa8 Bxa8 15. Be3 Rd8 16. Ne2 Ne4 17. Ng3 Nxg3 18. hxg3 Nd7 19. Nxd7 Rxd7 20. c3 Bc6 21. Qe2 b4 22. Bd2 b3 (22... Ra7 $15) 23. Ra1 Bf8 24. Qe5 Ra7 25. Rxa7 (25. Rd1 {seems wilder.} Qd8 26. g4 Ra2 27. Bc1 Ra1 28. Qh5) 25... Qxa7 26. Bc1 Qa1 27. Qe3 h6 (27... Ba3 $5 28. Qd2 Bd6 $17) 28. Qd2 Qb1 29. Kf2 Be7 30. Qe3 Bf6 31. Qd2 g6 32. Qe3 Kg7 33. Qd2 h5 34. Qe3 (34. g4 $11 {keeps the balance.}) 34... Qf5 35. Qe2 Bd7 $36 {[%mdl 2048] Black is really pushing.} 36. Qe3 Be6 37. Qe2 Qb1 38. Qe3 Kf8 39. Kf1 Qf5 40. Kf2 Ke7 41. Qe2 Kd6 42. Qe3 Qc2+ 43. Qd2 Qb1 44. Qe3 Bf5 45. Qd2 Be4 46. Qe3 h4 47. g4 Bg7 ({Better is} 47... Be7 $17 48. g5 Kc6) 48. Qd2 (48. Bxe4 $11 dxe4 49. f5) 48... f5 ({Black should play} 48... Bf8 $17) 49. g5 $1 $11 Kc6 50. Qe3 Bf8 51. Qd2 Kb5 52. Bd1 Bd6 53. Qe3 Ka4 54. Qd2 Ka5 55. Qe3 Kb5 56. Kg1 {[#]} Ba3 $1 {[%mdl 512]} 57. Qd2 $1 (57. bxa3 b2) 57... Qa2 58. Kf2 Ka4 59. bxa3 $2 {[%mdl 8192]} (59. Kg1 $11) 59... Qxd2+ $19 60. Bxd2 Kxa3 61. Bc1+ b2 62. Bxb2+ Kxb2 {[%mdl 4096] Endgame KB-KB} 63. Bh5 Kxc3 64. Bxg6 Kb2 $2 (64... Kxd4 $19 65. Be8 c3) 65. Be8 c3 {( -> ...c2)} 66. Ba4 {g6 is the strong threat.} Bc2 ({Don't go for} 66... c2 $2 67. Bxc2 $1 {[%mdl 512]} Kxc2 68. g6 $18) 67. Bb5 $2 {[%mdl 8192]} (67. Bxc2 $11 Kxc2 68. g6) 67... Bd1 68. g6 Bh5 69. g7 {[#]} Bf7 $1 70. Ba4 c2 {Black mates.} 71. Bxc2 Kxc2 72. g4 fxg4 {Precision: White = 59%, Black = 63%.} 0-1

[Event "2nd Turkish League 2017"]
[Site "Konya"]
[Date "2017.07.17"]
[Round "1"]
[White "Altunbay, Onder"]
[Black "Aladag, Yigit Dogan"]
[Result "0-1"]
[WhiteElo "1830"]
[BlackElo "1586"]
[Annotator "NA"]
[PlyCount "140"]
[EventType "team-tourn"]
[EventCountry "TUR"]
[SourceTitle "playchess.com"]
[Source "ChessBase"]
[SourceQuality "1"]
[TimeControl "5400+30"]

1. e4 c5 {[%emt 0:01:00]} 2. Nf3 {[%emt 0:00:00]} d6 {[%emt 0:00:00]} 3. d4 {[%emt 0:01:30]} cxd4 {[%emt 0:00:00]} 4. Nxd4 {[%emt 0:00:30]} Nf6 {[%emt 0:00:00]} 5. Nc3 {[%emt 0:02:30]} a6 {[%emt 0:00:00]} 6. Bg5 {[%emt 0:00:00]} e6 {[%emt 0:01:30]} 7. Qe2 {[%emt 0:01:00]} Be7 {[%emt 0:00:30]} 8. O-O-O {[%emt 0:02:30]} b5 {[%emt 0:00:30]} 9. a3 {[%emt 0:02:30]} Bb7 {[%emt 0:01:30]} 10. f4 {[%emt 0:00:30]} Nbd7 {[%emt 0:02:30]} 11. g4 {[%emt 0:01:30]} Qc7 {[%emt 0:05:30]} 12. Bh4 {[%emt 0:19:30]} Nxe4 {[%emt 0:06:30]} 13. Nxe4 {[%emt 0:01:30]} Bxh4 {[%emt 0:01:30]} 14. Nf5 {[%emt 0:05:30]} d5 {[%emt 0:14:30]} 15. Nd2 {[%emt 0:44:53]} Bf6 {[%emt 0:01:30]} 16. g5 {[%emt 0:03:34]} Rc8 {[%emt 0:00:30]} 17. Ne4 {[%emt 0:03:08]} Be7 {[%emt 0:02:30]} 18. Nxe7 {[%emt 0:05:00]} Qxf4+ {[%emt 0:01:30]} 19. Kb1 {[%emt 0:00:47]} Kxe7 {[%emt 0:00:00]} 20. Ng3 {[%emt 0:00:05]} Ne5 {[%emt 0:02:00]} 21. Bg2 {[%emt 0:00:49]} Rhd8 {[%emt 0:02:30]} 22. Rhf1 {[%emt 0:01:59]} Qxg5 {[%emt 0:00:00]} 23. Rde1 {[%emt 0:00:56]} Nc4 {[%emt 0:01:00]} 24. Rf2 {[%emt 0:00:18]} Rc6 {[%emt 0:01:30]} 25. Qd3 {[%emt 0:01:09]} Qg6 {[%emt 0:01:30]} 26. Qb3 {[%emt 0:00:39]} Kf8 {[%emt 0:00:30]} 27. Bf3 {[%emt 0:00:30]} f6 {[%emt 0:01:30]} 28. Bh5 {[%emt 0:00:28]} Qg5 {[%emt 0:00:30]} 29. Qb4+ {[%emt 0:00:05]} Rcd6 {[%emt 0:08:30]} 30. Rxe6 {[%emt 0:00:57]} Bc8 {[%emt 0:00:30]} 31. Rxd6 {[%emt 0:00:27]} Nxd6 {[%emt 0:00:30]} 32. Re2 {[%emt 0:00:08]} g6 {[%emt 0:00:30]} 33. Bf3 {[%emt 0:00:31]} Kf7 {[%emt 0:00:30]} 34. Qc5 {[%emt 0:00:11]} Be6 {[%emt 0:00:30]} 35. Qa7+ {[%emt 0:01:27]} Rd7 {[%emt 0:00:30]} 36. Qxa6 {[%emt 0:00:00]} Qf4 {[%emt 0:00:00]} 37. Bg2 {[%emt 0:00:25]} Qd4 {[%emt 0:01:00]} 38. Ka2 {[%emt 0:01:01]} Bg4 {[%emt 0:01:30]} 39. Qc6 {[%emt 0:00:21]} Qc4+ {[%emt 0:01:30]} 40. Qxc4 {[%emt 0:00:03]} Nxc4 {[%emt 0:00:30]} 41. Re1 {[%emt 0:00:26]} d4 {[%emt 0:00:30]} 42. Bc6 {[%emt 0:00:16]} Rc7 {[%emt 0:00:30]} 43. Bd5+ {[%emt 0:00:38]} Kg7 {[%emt 0:00:30]} 44. Nf1 {[%emt 0:01:15]} Rc5 {[%emt 0:01:30]} 45. Bxc4 {[%emt 0:00:23]} Rxc4 {[%emt 0:01:30]} 46. Kb3 {[%emt 0:00:37]} Bf5 {[%emt 0:00:30]} 47. Re2 {[%emt 0:00:26]} d3 {[%emt 0:01:30]} 48. cxd3 {[%emt 0:00:39]} Bxd3 {[%emt 0:00:30]} 49. Rf2 {[%emt 0:00:00]} Bxf1 {[%emt 0:00:30]} 50. Rxf1 {[%emt 0:00:00]} f5 {[%emt 0:00:30]} 51. Rd1 {[%emt 0:00:21]} Rc5 {[%emt 0:00:00]} 52. Kb4 {[%emt 0:00:30]} Re5 {[%emt 0:00:00]} 53. Rd2 {[%emt 0:00:31]} Kf6 {[%emt 0:00:30]} 54. a4 {[%emt 0:00:30]} bxa4 {[%emt 0:00:30]} 55. Kxa4 {[%emt 0:00:00]} f4 {[%emt 0:00:00]} 56. b4 {[%emt 0:00:00]} g5 {[%emt 0:00:00]} 57. b5 {[%emt 0:00:51]} f3 {[%emt 0:01:30]} 58. b6 {[%emt 0:01:44]} Re2 {[%emt 0:00:30]} 59. Rd1 {[%emt 0:00:56]} Rb2 {[%emt 0:00:30]} 60. Ka5 {[%emt 0:00:29]} Ke5 {[%emt 0:00:30]} 61. Ka6 {[%emt 0:00:00]} Ke4 {[%emt 0:00:30]} 62. b7 {[%emt 0:01:03]} f2 {[%emt 0:00:00]} 63. Ra1 {[%emt 0:00:32]} Ke3 {[%emt 0:01:00]} 64. Ka7 {[%emt 0:00:10]} Ke2 {[%emt 0:00:00]} 65. b8=Q {[%emt 0:01:04]} Rxb8 {[%emt 0:00:00]} 66. Ra2+ {[%emt 0:00:02]} Kf3 {[%emt 0:00:30]} 67. Ra3+ {[%emt 0:00:16]} Kg2 {[%emt 0:00:00]} 68. Kxb8 {[%emt 0:00:35]} f1=Q {[%emt 0:00:00]} 69. Rg3+ {[%emt 0:00:00]} Kxh2 {[%emt 0:00:00]} 70. Rxg5 {[%emt 0:00:20]} Qf4+ {[%emt 0:00:00]} 0-1

[Event "2nd Turkish League 2017"]
[Site "Konya"]
[Date "2017.07.17"]
[Round "1"]
[White "Karahan, Anil"]
[Black "Cannesar, Rad"]
[Result "1-0"]
[WhiteElo "1791"]
[BlackElo "1979"]
[Annotator "NA"]
[PlyCount "47"]
[EventType "team-tourn"]
[EventCountry "TUR"]
[SourceTitle "playchess.com"]
[Source "ChessBase"]
[SourceQuality "1"]
[TimeControl "5400+30"]

1. d4 {[%emt 0:00:30]} d5 {[%emt 0:01:00]} 2. c4 {[%emt 0:00:30]} e6 {[%emt 0:00:30]} 3. Nf3 {[%emt 0:00:30]} Nf6 {[%emt 0:00:00]} 4. Nc3 {[%emt 0:00:00]} Nbd7 {[%emt 0:01:00]} 5. Bg5 {[%emt 0:00:00]} Be7 {[%emt 0:00:30]} 6. e3 {[%emt 0:00:00]} O-O {[%emt 0:00:00]} 7. Bd3 {[%emt 0:00:00]} c6 {[%emt 0:04:00]} 8. O-O {[%emt 0:00:00]} h6 {[%emt 0:04:30]} 9. Bh4 {[%emt 0:00:00]} dxc4 {[%emt 0:02:30]} 10. Bxc4 {[%emt 0:00:00]} Nb6 {[%emt 0:00:30]} 11. Bd3 {[%emt 0:00:00]} Nbd5 {[%emt 0:01:30]} 12. Bg3 {[%emt 0:09:30]} c5 {[%emt 0:18:30]} 13. e4 {[%emt 0:02:30]} Nxc3 {[%emt 0:13:30]} 14. bxc3 {[%emt 0:00:00]} b6 {[%emt 0:02:30]} 15. Qe2 {[%emt 0:01:00]} Bb7 {[%emt 0:06:30]} 16. Rac1 {[%emt 0:09:30]} Qc8 {[%emt 0:05:30]} 17. Rfe1 {[%emt 0:09:30]} Rd8 {[%emt 0:01:30]} 18. a4 {[%emt 0:06:30]} Bc6 {[%emt 0:13:30]} 19. Ne5 {[%emt 0:02:30]} c4 {[%emt 0:04:13]} 20. Nxc6 {[%emt 0:08:30]} Qxc6 {[%emt 0:00:11]} 21. Bxc4 {[%emt 0:00:30]} Nxe4 {[%emt 0:01:03]} 22. Bxe6 {[%emt 0:06:30]} Ba3 {[%emt 0:09:22]} 23. Bxf7+ {[%emt 0:05:30]} Kxf7 {[%emt 0:00:30]} 24. Qa2+ {[%emt 0:00:00]} 1-0

[Event "2nd Turkish League 2017"]
[Site "Konya"]
[Date "2017.07.17"]
[Round "1"]
[White "Gulten, Erman"]
[Black "Yilmaz, Muhammed"]
[Result "1-0"]
[WhiteElo "1779"]
[BlackElo "1454"]
[Annotator "NA"]
[PlyCount "69"]
[EventType "team-tourn"]
[EventCountry "TUR"]
[SourceTitle "playchess.com"]
[Source "ChessBase"]
[SourceQuality "1"]
[TimeControl "5400+30"]

1. d4 {[%emt 0:00:30]} d5 {[%emt 0:01:00]} 2. Nf3 {[%emt 0:00:00]} Nf6 {[%emt 0:02:30]} 3. c4 {[%emt 0:00:00]} c6 {[%emt 0:08:30]} 4. Nc3 {[%emt 0:00:30]} e6 {[%emt 0:01:30]} 5. Bg5 {[%emt 0:01:30]} Be7 {[%emt 0:00:30]} 6. e3 {[%emt 0:00:30]} O-O {[%emt 0:00:30]} 7. Qc2 {[%emt 0:00:30]} Nbd7 {[%emt 0:05:30]} 8. Bd3 {[%emt 0:00:30]} dxc4 {[%emt 0:01:30]} 9. Bxc4 {[%emt 0:00:30]} Qa5 {[%emt 0:04:30]} 10. O-O {[%emt 0:02:30]} h6 {[%emt 0:04:30]} 11. Bh4 {[%emt 0:02:30]} e5 {[%emt 0:06:30]} 12. a3 {[%emt 0:03:30]} exd4 {[%emt 0:05:30]} 13. exd4 {[%emt 0:00:30]} Qh5 {[%emt 0:04:30]} 14. Bg3 {[%emt 0:06:30]} Nb6 {[%emt 0:03:30]} 15. Bd3 {[%emt 0:00:30]} Bg4 {[%emt 0:05:30]} 16. Rae1 {[%emt 0:07:30]} Rfe8 {[%emt 0:05:30]} 17. Re5 {[%emt 0:08:30]} g5 {[%emt 0:08:30]} 18. Nd2 {[%emt 0:17:30]} Bf8 {[%emt 0:06:30]} 19. f3 {[%emt 0:03:30]} Bd7 {[%emt 0:06:21]} 20. Nde4 {[%emt 0:11:30]} Bg7 {[%emt 0:02:56]} 21. Nd6 {[%emt 0:03:30]} Rf8 {[%emt 0:03:11]} 22. Rfe1 {[%emt 0:11:50]} Nfd5 {[%emt 0:03:34]} 23. Nxd5 {[%emt 0:04:23]} Nxd5 {[%emt 0:00:55]} 24. Nxb7 {[%emt 0:03:03]} Bxe5 {[%emt 0:01:48]} 25. Bxe5 {[%emt 0:00:18]} f6 {[%emt 0:00:56]} 26. Bg6 {[%emt 0:00:24]} Qh4 {[%emt 0:01:35]} 27. g3 {[%emt 0:03:11]} Qh3 {[%emt 0:01:18]} 28. Bd6 {[%emt 0:00:21]} Kg7 {[%emt 0:01:39]} 29. Bxf8+ {[%emt 0:01:42]} Rxf8 {[%emt 0:00:30]} 30. Nd6 {[%emt 0:00:12]} f5 {[%emt 0:00:10]} 31. Be8 {[%emt 0:00:52]} Bxe8 {[%emt 0:01:23]} 32. Nxe8+ {[%emt 0:01:04]} Kg8 {[%emt 0:00:30]} 33. Qxc6 {[%emt 0:00:31]} Nf4 {[%emt 0:03:12]} 34. gxf4 {[%emt 0:00:42]} Qh5 {[%emt 0:00:20]} 35. Nf6+ {[%emt 0:01:11]} 1-0